000 00868nam a2200241 i 4500
001 165093
003 ES-MaACL
005 20250816062552.0
008 020912s1883 fr |||| | fre d
040 _aCCPB | B
_bspa
_cCCPB | B
100 1 _aSéailles, Gabriel.
_9104982
245 1 0 _aEssai sur le génie dans l'art /
_cpar Gabriel Séailles.
260 _aParis :
_bLibrairie Germer Baillière et C\pie\s,
_c1883 (
_eCoulommiers :
_fTypographie P. Brodard et C\pie\s)
300 _aXII, 313 p. ;
_c22 cm.
490 1 _aBibliothèque de philosophie contemporaine
650 0 4 _aArte-
_xFilosofía.
_910099
650 7 _aEstética
_2embne
_9142387
752 _aFrancia -
_dParís
752 _aFrancia -
_dCoulommiers
830 0 _aBibliothèque de philosophie contemporaine
_9181027
852 _aES-MaACL
_jB-7095
_z- Enc. pasta
999 _c165093
_d165093